000 00684nam a2200289Ia 4500
005 20260324124710.0
008 008 260324s9999 xx 000 0 eng d
020 _a9781315602745
037 _aEBOOK
040 _aCRL
040 _beng
040 _cCRL
041 _2eng
041 _aeng
084 _qCRL
100 _aWendy R. Tyndale
_91175167
245 0 _aProtestants in Communist East Germany
245 0 _bIn the Storm of the World
260 _bTaylor and Francis
260 _c2010
365 _a
365 _b240
856 _uhttp://www.taylorfrancis.com/books/9781315602745
942 _cEBOOK
999 _c1769763
_d1769763